[Event "Torneio de ELITE da AXL 2013-2014"]
[Site "axlisboa.weebly.com"]
[Date "2014.09.23"]
[Round "1.1"]
[White "Diogo, Vasco"]
[Black "Morais, Vitor Mestre"]
[Result "1-0"]
[WhiteElo "2256"]
[BlackElo "1924"]
[PlyCount "93"]
[EventDate "2014.09.23"]

1. e4 c5 2. Nf3 Nc6 3. g3 g6 4. Bg2 Bg7 5. O-O e5 6. Nc3 Nge7 7. Nd5 d6 8. c3
O-O 9. Nxe7+ Qxe7 10. d3 f5 11. exf5 Bxf5 12. Bg5 Qd7 13. Re1 Rae8 14. Qd2 Bh3
15. Bh1 Bg4 16. Nh4 d5 17. f3 Be6 18. a3 d4 19. c4 Nd8 20. b4 b6 21. bxc5 bxc5
22. Qa5 Nf7 23. Bd2 Rc8 24. Rab1 g5 25. Ng2 Bf5 26. Rb3 h6 27. h4 gxh4 28. Nxh4
Bh7 29. Bg2 Kh8 30. Kh2 Nd6 31. Bh3 Nf5 32. Qa6 Qf7 33. Rb7 Rc7 34. Rxc7 Qxc7
35. Ng6+ Bxg6 36. Qxg6 Qf7 37. Qxf7 Rxf7 38. Bxf5 Rxf5 39. Kg2 Kh7 40. Rb1 Rf7
41. Rb5 Bf8 42. a4 Kg6 43. Bc1 Kf5 44. Ba3 Rc7 45. Ra5 Be7 46. Ra6 Rb7 47. g4+
1-0

[Event "Torneio de ELITE da AXL 2013-2014"]
[Site "axlisboa.weebly.com"]
[Date "2014.09.23"]
[Round "1.2"]
[White "Reis, Luis Sousa"]
[Black "Preto, Daniel Filipe Rodrig"]
[Result "1-0"]
[WhiteElo "2195"]
[BlackElo "1984"]
[PlyCount "86"]
[EventDate "2014.09.23"]

1. e4 e6 2. d4 d5 3. Nc3 Bb4 4. exd5 exd5 5. Bd3 h6 6. Nge2 Nf6 7. f3 O-O 8.
Bf4 c5 9. a3 Bxc3+ 10. Nxc3 c4 11. Be2 Qb6 12. Qd2 Nc6 13. O-O-O Qa5 14. g4 b5
15. Na2 Qxd2+ 16. Rxd2 Re8 17. Nc3 a6 18. h4 b4 19. axb4 Nxb4 20. g5 Nh5 21.
Bd6 a5 22. gxh6 g6 23. Rg1 Kh7 24. f4 Ra6 25. Be5 f6 26. Bc7 Kxh6 27. Bxh5 gxh5
28. f5 Bxf5 29. Bf4+ Kh7 30. Nb5 Re4 31. Rf2 Bg4 32. Nc3 Re8 33. Kd2 Rae6 34.
Ra1 Ra8 35. Bc7 Nc6 36. Nxd5 Nxd4 37. Nxf6+ Kg6 38. Nd5 Nf3+ 39. Rxf3 Bxf3 40.
Nf4+ Kf5 41. Nxe6 Kxe6 42. Bxa5 Kf5 43. Ke3 Bd5 1-0

[Event "Torneio de ELITE da AXL 2013-2014"]
[Site "axlisboa.weebly.com"]
[Date "2014.09.23"]
[Round "1.3"]
[White "Pereira, Sergio Daniel Costa"]
[Black "Santos, Jose Manuel Duarte C"]
[Result "1-0"]
[WhiteElo "2036"]
[BlackElo "1863"]
[PlyCount "51"]
[EventDate "2014.09.23"]

1. e4 Nf6 2. e5 Nd5 3. c4 Nb6 4. c5 Nd5 5. d4 d6 6. cxd6 cxd6 7. Nf3 g6 8. Bc4
Nb6 9. O-O Nxc4 10. Qa4+ Nc6 11. Qxc4 dxe5 12. Ng5 e6 13. dxe5 Qd4 14. Qxd4
Nxd4 15. Nc3 Bg7 16. f4 O-O 17. Rd1 f6 18. Rxd4 fxg5 19. g3 b6 20. Be3 gxf4 21.
gxf4 Re8 22. Nb5 Re7 23. Rd8+ Bf8 24. Nd6 Rc7 25. Rc1 Rxc1+ 26. Bxc1 1-0

[Event "Torneio de ELITE da AXL 2013-2014"]
[Site "axlisboa.weebly.com"]
[Date "2014.09.23"]
[Round "1.4"]
[White "Guerra, Vitor Manuel Vestia"]
[Black "Nanques, Helder Manuel Pereir"]
[Result "0-1"]
[WhiteElo "2179"]
[BlackElo "1952"]
[PlyCount "106"]
[EventDate "2014.09.23"]

1. d4 Nf6 2. c4 e5 3. dxe5 Ng4 4. e4 Nxe5 5. Be3 Bb4+ 6. Nd2 d6 7. Be2 O-O 8.
Qb3 Nbc6 9. O-O-O Qe7 10. f4 Nd7 11. Bf3 Bc5 12. Re1 Bxe3 13. Qxe3 Nc5 14. Nb3
Nxb3+ 15. Qxb3 Nd4 16. Qe3 Nxf3 17. Nxf3 Be6 18. Qc3 Rfe8 19. Re3 Bg4 20. Nd4
Bd7 21. g3 Qf6 22. Rhe1 a6 23. Nf3 Qxc3+ 24. Rxc3 Bc6 25. Rce3 Re7 26. Nd4 Bd7
27. Kd2 Rae8 28. Kd3 Kf8 29. Ne2 f5 30. Nd4 Rxe4 31. Rxe4 fxe4+ 32. Ke3 b5 33.
Rc1 c5 34. Ne2 bxc4 35. Nc3 Bc6 36. Rd1 Ke7 37. Nd5+ Bxd5 38. Rxd5 Kd7 39. Rg5
Re7 40. Rh5 g6 41. Rg5 Kc6 42. f5 gxf5 43. Rxf5 d5 44. Rf6+ Kb5 45. Rf8 d4+ 46.
Ke2 e3 47. Rb8+ Kc6 48. Rc8+ Kd5 49. Rd8+ Ke4 50. Rb8 d3+ 51. Ke1 Kf3 52. Rf8+
Kg2 53. Rf4 Rb7 0-1

[Event "Torneio de ELITE da AXL 2013-2014"]
[Site "axlisboa.weebly.com"]
[Date "2014.09.23"]
[Round "1.5"]
[White "Marques, Carlos Filipe Fernan"]
[Black "Pires, Emanuel Joao Robarts"]
[Result "0-1"]
[WhiteElo "1832"]
[BlackElo "2060"]
[PlyCount "39"]
[EventDate "2014.09.23"]

1. e4 e6 2. d4 d5 3. e5 c5 4. c3 Nc6 5. Nf3 Bd7 6. Be2 Nge7 7. O-O Nf5 8. g4
Nh4 9. Nxh4 Qxh4 10. Bf4 Rc8 11. Bg3 Qd8 12. Kh1 Qb6 13. dxc5 Qxb2 14. Nd2 Qxc3
15. Nb3 Na5 16. f4 Nxb3 17. axb3 Bxc5 18. Rf3 Qb4 19. Be1 Qd4 20. Bd3 0-1

[Event "Torneio de ELITE da AXL 2013-2014"]
[Site "axlisboa.weebly.com"]
[Date "2014.09.23"]
[Round "1.6"]
[White "Bolhari, Orphe Iraj"]
[Black "Carneiro, Carlos Alberto C P"]
[Result "1/2-1/2"]
[WhiteElo "2141"]
[BlackElo "2209"]
[PlyCount "137"]
[EventDate "2014.09.23"]

1. e4 c5 2. Nc3 Nc6 3. g3 g6 4. Bg2 Bg7 5. d3 d6 6. Be3 e6 7. Qd2 Rb8 8. Nge2
b5 9. O-O b4 10. Nd1 Nd4 11. c3 Nxe2+ 12. Qxe2 Qa5 13. Bf4 Qa6 14. e5 d5 15.
Ne3 Rb6 16. cxb4 Rxb4 17. Qc2 Qb6 18. Bxd5 Ne7 19. Be4 Ba6 20. Rfc1 O-O 21.
Qxc5 Qxc5 22. Rxc5 Rxb2 23. Rc7 Nc8 24. d4 h6 25. h4 Rb4 26. Nc2 Ra4 27. a3 Rc4
28. Rxc4 Bxc4 29. Ne3 Nb6 30. Nxc4 Nxc4 31. a4 Rd8 32. Rb1 Rxd4 33. Rb8+ Kh7
34. Bc6 Bxe5 35. Rb7 Bxf4 36. Rxf7+ Kg8 37. Rxf4 Rxf4 38. gxf4 Kf7 39. Kg2 Kf6
40. Kf3 Nd6 41. h5 gxh5 42. a5 Kf5 43. a6 h4 44. Ba4 h5 45. Bc2+ Kf6 46. Bd3
Nf5 47. Kg2 Ne7 48. Kh3 Nd5 49. Kxh4 Nxf4 50. Be4 Ke5 51. Bf3 Nd3 52. Kxh5 Nxf2
53. Kg6 Ne4 54. Bg4 Nc5 55. Kf7 Kd6 56. Be2 Kc6 57. Kf6 Kd6 58. Bc4 Nd7+ 59.
Kg5 e5 60. Kf5 Nc5 61. Kg4 Ne4 62. Kf5 Nd2 63. Ba2 Nf3 64. Ke4 Nd4 65. Bc4 Ne6
66. Kf5 Nc5 67. Kg4 Kc6 68. Kf5 Kd6 69. Kg4 1/2-1/2

[Event "Torneio de ELITE da AXL 2013-2014"]
[Site "axlisboa.weebly.com"]
[Date "2014.09.25"]
[Round "2.1"]
[White "Morais, Vitor Mestre"]
[Black "Carneiro, Carlos Alberto C P"]
[Result "1-0"]
[WhiteElo "1924"]
[BlackElo "2209"]
[PlyCount "101"]
[EventDate "2014.09.23"]

1. Nf3 Nf6 2. g3 g6 3. Bg2 Bg7 4. O-O O-O 5. c4 d5 6. cxd5 Nxd5 7. Nc3 Nb6 8.
d3 c6 9. Be3 N8d7 10. Rc1 Nf6 11. Qb3 Be6 12. Qa3 Qd7 13. Rfd1 Rfe8 14. Ng5
Nfd5 15. Nxe6 Qxe6 16. Nxd5 Nxd5 17. Bxd5 Qxd5 18. Rc5 Qd6 19. Qb3 b6 20. Rc4
Red8 21. Rdc1 c5 22. a4 Qe6 23. Qa3 Rd5 24. b4 cxb4 25. Qxb4 h5 26. Rc7 Bf6 27.
R1c6 Qe5 28. Qf4 Qb2 29. Rxa7 Rf8 30. Kf1 Rf5 31. Qc4 b5 32. axb5 Rxb5 33. Rc8
Rb8 34. Rxf8+ Rxf8 35. Qa2 Qb5 36. Ra8 Qb7 37. Rxf8+ Kxf8 38. f3 h4 39. Kg2 Qb4
40. Bf2 hxg3 41. hxg3 Qb7 42. Qc4 Qd7 43. e4 e5 44. Be3 Kg7 45. f4 Qg4 46. fxe5
Bxe5 47. Bf2 Bxg3 48. Bxg3 Qe2+ 49. Kg1 Qd1+ 50. Kf2 Qd2+ 51. Kf3 1-0

[Event "Torneio de ELITE da AXL 2013-2014"]
[Site "axlisboa.weebly.com"]
[Date "2014.09.25"]
[Round "2.2"]
[White "Pires, Emanuel Joao Robarts"]
[Black "Bolhari, Orphe Iraj"]
[Result "1/2-1/2"]
[WhiteElo "2060"]
[BlackElo "2141"]
[PlyCount "79"]
[EventDate "2014.09.23"]

1. e4 e5 2. Nf3 Nc6 3. Bc4 Bc5 4. b4 Bxb4 5. c3 Ba5 6. O-O d6 7. d4 Bg4 8. h3
Bxf3 9. Qxf3 Qf6 10. Qd3 exd4 11. Bb2 Ne5 12. Qxd4 Bb6 13. Qd1 Nxc4 14. Qa4+ c6
15. Qxc4 Ne7 16. Qb3 O-O 17. Nd2 Ng6 18. Nc4 Bc5 19. Ba3 Bxa3 20. Qxa3 Nf4 21.
Qxd6 Ne2+ 22. Kh2 Qxc3 23. Ne3 Rfd8 24. Qc7 b6 25. Rad1 Rxd1 26. Rxd1 Qf6 27.
Nf5 g6 28. Ne7+ Kg7 29. Rd7 Rf8 30. f3 Qa1 31. h4 Qg1+ 32. Kh3 Qh1+ 33. Qh2
Nf4+ 34. Kg3 Nh5+ 35. Kh3 Nf4+ 36. Kg3 Ne2+ 37. Kh3 Ng1+ 38. Kg3 Ne2+ 39. Kh3
Nf4+ 40. Kg3 1/2-1/2

[Event "Torneio de ELITE da AXL 2013-2014"]
[Site "axlisboa.weebly.com"]
[Date "2014.09.25"]
[Round "2.3"]
[White "Nanques, Helder Manuel Pereir"]
[Black "Marques, Carlos Filipe Fernan"]
[Result "0-1"]
[WhiteElo "1952"]
[BlackElo "1832"]
[PlyCount "66"]
[EventDate "2014.09.23"]

1. b3 e5 2. Bb2 d6 3. e3 Nf6 4. d4 exd4 5. Qxd4 c5 6. Qf4 Be7 7. Nc3 O-O 8. Be2
Nc6 9. g4 Ne5 10. g5 Ng6 11. Qg3 Nd7 12. O-O-O Bxg5 13. Rxd6 Bh4 14. Qg2 Qe7
15. Rd2 Bf6 16. Nf3 Nb6 17. a4 c4 18. h4 cxb3 19. h5 Bxc3 20. Bxc3 Nxa4 21. Bb2
Nxb2 22. Kxb2 bxc2 23. hxg6 Qb4+ 24. Kxc2 Bf5+ 25. Bd3 Qc4+ 26. Kd1 Bxd3 27.
gxh7+ Kh8 28. Nd4 Rac8 29. Ke1 Qc1+ 30. Rd1 Qc3+ 31. Rd2 Qa1+ 32. Rd1 Qa5+ 33.
Rd2 Rc1# 0-1

[Event "Torneio de ELITE da AXL 2013-2014"]
[Site "axlisboa.weebly.com"]
[Date "2014.09.25"]
[Round "2.4"]
[White "Santos, Jose Manuel Duarte C"]
[Black "Guerra, Vitor Manuel Vestia"]
[Result "1-0"]
[WhiteElo "1863"]
[BlackElo "2179"]
[PlyCount "131"]
[EventDate "2014.09.23"]

1. e4 c5 2. Nf3 e6 3. d4 cxd4 4. Nxd4 a6 5. c4 Nf6 6. Qe2 d6 7. Nc3 Be7 8. Be3
O-O 9. O-O-O Qc7 10. Kb1 Nbd7 11. g4 g6 12. Bh6 Re8 13. h4 Bf8 14. Bxf8 Nxf8
15. h5 e5 16. Nf5 Ne6 17. hxg6 fxg6 18. Qd2 gxf5 19. exf5 Nf4 20. Bd3 Qf7 21.
Bc2 Bd7 22. g5 N6h5 23. g6 hxg6 24. fxg6 Qf8 25. Nd5 Bf5 26. Rxh5 Bxc2+ 27.
Kxc2 Nxh5 28. Qg5 Qf3 29. Qh6 Nf6 30. Rh1 Qe4+ 31. Kc1 Qxc4+ 32. Kb1 Qe4+ 33.
Ka1 Qxh1+ 34. Qxh1 Kg7 35. Nc7 Kxg6 36. Nxa8 Rxa8 37. Qxb7 Rh8 38. a4 Kf5 39.
Qxa6 Ke6 40. Qc4+ d5 41. Qc6+ Kf5 42. a5 d4 43. a6 Rh7 44. Qf3+ Ke6 45. Qb3+
Nd5 46. Qb8 d3 47. Qg8+ Rf7 48. Qg6+ Rf6 49. Qxd3 Rxf2 50. Qg6+ Rf6 51. Qe8+
Kf5 52. Qc8+ Ke4 53. a7 Nb6 54. a8=Q+ Nxa8 55. Qxa8+ Ke3 56. b4 e4 57. b5 Rf1+
58. Kb2 Kd4 59. b6 e3 60. b7 e2 61. Qd8+ Kc4 62. b8=Q Rb1+ 63. Kxb1 e1=Q+ 64.
Ka2 Qf2+ 65. Qb2 Qa7+ 66. Kb1 1-0

[Event "Torneio de ELITE da AXL 2013-2014"]
[Site "axlisboa.weebly.com"]
[Date "2014.09.25"]
[Round "2.5"]
[White "Preto, Daniel Filipe Rodrig"]
[Black "Pereira, Sergio Daniel Costa"]
[Result "1/2-1/2"]
[WhiteElo "1984"]
[BlackElo "2036"]
[PlyCount "101"]
[EventDate "2014.09.23"]

1. c4 e5 2. Nc3 Nc6 3. g3 Nf6 4. Bg2 Bc5 5. Nf3 O-O 6. O-O d5 7. cxd5 Nxd5 8.
Nxd5 Qxd5 9. Ng5 Qd8 10. Nxh7 Re8 11. h4 f6 12. Qc2 Be7 13. e3 Be6 14. Be4 Nb4
15. Qb1 Bc4 16. d4 Bxf1 17. Kxf1 exd4 18. a3 Nd5 19. exd4 c6 20. Bf5 Bd6 21.
Qd3 Qa5 22. Bd2 Qa6 23. Qxa6 bxa6 24. h5 Rab8 25. b4 Rb7 26. Rc1 Rc7 27. Bd3
Kh8 28. Kg2 a5 29. bxa5 Bxa3 30. Rb1 Bd6 31. Kf3 c5 32. Bg6 Rd8 33. a6 Re7 34.
g4 c4 35. g5 c3 36. Bc1 Rc7 37. Rb5 Be7 38. Be4 Nb4 39. h6 fxg5 40. hxg7+ Kxg7
41. Nxg5 Bxg5 42. Bxg5 Rxd4 43. Bf4 Rf7 44. Ke3 Rxe4+ 45. Kxe4 Rxf4+ 46. Kxf4
c2 47. Rg5+ Kf6 48. Rg1 c1=Q+ 49. Rxc1 Nd3+ 50. Ke4 Nxc1 51. Kd5 1/2-1/2

[Event "Torneio de ELITE da AXL 2013-2014"]
[Site "axlisboa.weebly.com"]
[Date "2014.09.25"]
[Round "2.6"]
[White "Diogo, Vasco"]
[Black "Reis, Luis Sousa"]
[Result "1/2-1/2"]
[WhiteElo "2256"]
[BlackElo "2195"]
[PlyCount "71"]
[EventDate "2014.09.23"]

1. d4 Nf6 2. Nf3 c5 3. d5 b5 4. c4 e6 5. Bg5 exd5 6. cxd5 h6 7. Bxf6 Qxf6 8. e4
Qxb2 9. Nbd2 c4 10. Be2 c3 11. Nb3 c2 12. Qc1 Ba3 13. O-O Qxc1 14. Raxc1 Bxc1
15. Rxc1 b4 16. Rxc2 Ba6 17. Ne5 d6 18. Nd3 Bxd3 19. Bxd3 O-O 20. Na5 Nd7 21.
Bb5 Nc5 22. f3 Rab8 23. Bc4 Rb6 24. Kf2 Rc8 25. Ke3 Nb7 26. Nc6 Rc7 27. f4 Kf8
28. Bb3 Nc5 29. Bc4 Rbxc6 30. dxc6 Rxc6 31. Bd5 Ra6 32. e5 Ke7 33. Kd4 Ne6+ 34.
Ke4 Nc5+ 35. Kd4 Ne6+ 36. Ke4 1/2-1/2

[Event "Torneio de ELITE da AXL 2013-2014"]
[Site "axlisboa.weebly.com"]
[Date "2014.09.27"]
[Round "3.1"]
[White "Reis, Luis Sousa"]
[Black "Morais, Vitor Mestre"]
[Result "1/2-1/2"]
[WhiteElo "2195"]
[BlackElo "1924"]
[PlyCount "103"]
[EventDate "2014.09.23"]

1. d4 d5 2. Bg5 Qd6 3. Nc3 Nf6 4. Qd2 a6 5. f3 Bf5 6. Nh3 e6 7. g4 Bg6 8. Nf4
Nbd7 9. O-O-O O-O-O 10. h4 h6 11. Nxg6 fxg6 12. Bf4 Qb6 13. Qd3 c5 14. e3 c4
15. Qe2 Qc6 16. Bh3 b5 17. e4 b4 18. Nb1 Kb7 19. c3 a5 20. Qc2 Nb6 21. Rhe1 g5
22. Bg3 gxh4 23. Bxh4 g5 24. Bg3 Be7 25. Bg2 Rhe8 26. Be5 Nbd7 27. Bg3 Nb6 28.
e5 Nfd7 29. f4 gxf4 30. Bxf4 Rh8 31. Rh1 Rdf8 32. Be3 Rf7 33. Rdf1 Rxf1+ 34.
Rxf1 Rf8 35. Rh1 Rh8 36. Rf1 Rf8 37. Rh1 Rh8 38. Bf3 Nf8 39. Bd1 Qe8 40. Qd2 b3
41. axb3 cxb3 42. Bxb3 h5 43. gxh5 Rxh5 44. Rxh5 Qxh5 45. Na3 Qh1+ 46. Bd1 Ng6
47. Kb1 Nh4 48. Ka2 Nf5 49. Bc2 Nxe3 50. Qxe3 Bf8 51. Qf4 Bxa3 52. bxa3 1/2-1/2

[Event "Torneio de ELITE da AXL 2013-2014"]
[Site "axlisboa.weebly.com"]
[Date "2014.09.27"]
[Round "3.2"]
[White "Pereira, Sergio Daniel Costa"]
[Black "Diogo, Vasco"]
[Result "0-1"]
[WhiteElo "2036"]
[BlackElo "2256"]
[PlyCount "54"]
[EventDate "2014.09.23"]

1. e4 c5 2. Nf3 d6 3. Bb5+ Bd7 4. Bxd7+ Qxd7 5. O-O Nc6 6. d4 cxd4 7. Nxd4 Nf6
8. Nc3 g6 9. b3 Bg7 10. Bb2 O-O 11. Nxc6 bxc6 12. e5 dxe5 13. Qxd7 Nxd7 14.
Rad1 Rfd8 15. a4 e4 16. Ba3 Bxc3 17. Bxe7 f5 18. Bxd8 Rxd8 19. Rd6 Bb4 20. Rxc6
Ne5 21. Rc7 f4 22. Rb7 a5 23. Rb5 Nc6 24. c3 Bxc3 25. g3 e3 26. Rc5 e2 27. Rxc3
Rd1 0-1

[Event "Torneio de ELITE da AXL 2013-2014"]
[Site "axlisboa.weebly.com"]
[Date "2014.09.27"]
[Round "3.3"]
[White "Guerra, Vitor Manuel Vestia"]
[Black "Preto, Daniel Filipe Rodrig"]
[Result "1/2-1/2"]
[WhiteElo "2179"]
[BlackElo "1984"]
[PlyCount "139"]
[EventDate "2014.09.23"]

1. d4 Nf6 2. c4 g6 3. Nc3 d5 4. cxd5 Nxd5 5. e4 Nxc3 6. bxc3 Bg7 7. Nf3 c5 8.
Be2 Bg4 9. Be3 Nc6 10. e5 cxd4 11. cxd4 Qa5+ 12. Kf1 O-O 13. h3 Be6 14. a4 Rfd8
15. Qb1 Bd5 16. Qb2 Bxf3 17. Bxf3 Nxd4 18. Bxd4 Rxd4 19. Qxd4 Bxe5 20. Qd1 Rd8
21. Qb1 Bxa1 22. Qxa1 b5 23. g3 bxa4 24. Kg2 a3 25. Rc1 f6 26. Rc3 a2 27. Rc2
Rd2 28. Rxd2 Qxd2 29. Bd1 Qd5+ 30. Kh2 Kg7 31. Ba4 a5 32. Qb2 Qc4 33. Qa3 Qe6
34. Bb5 Qe5 35. Qxa2 Qxb5 36. h4 h5 37. Qe6 Qb4 38. Kg2 a4 39. Qd7 a3 40. Qa7
Kf7 41. Qa8 Kg7 42. Qa7 Qd6 43. Qa8 g5 44. hxg5 fxg5 45. Qa5 Kg6 46. Qa8 Kg7
47. Qa5 Kf6 48. Qa8 Ke5 49. Qh8+ Kd5 50. Qxh5 Kc6 51. Qe8+ Kb6 52. Qf7 e6 53.
Qf6 Qd5+ 54. Kh2 g4 55. Qe7 a2 56. Qb4+ Kc6 57. Qa4+ Kd6 58. Qb4+ Kd7 59. Qa4+
Ke7 60. Qb4+ Ke8 61. Qa4+ Kd8 62. Qa3 Qd2 63. Kg2 Kd7 64. Qa7+ Kd6 65. Qb6+ Ke5
66. Qc7+ Kd4 67. Qb6+ Kc4 68. Qc6+ Kd3 69. Qa6+ Kc3 70. Qa5+ 1/2-1/2

[Event "Torneio de ELITE da AXL 2013-2014"]
[Site "axlisboa.weebly.com"]
[Date "2014.09.27"]
[Round "3.4"]
[White "Marques, Carlos Filipe Fernan"]
[Black "Santos, Jose Manuel Duarte C"]
[Result "0-1"]
[WhiteElo "1832"]
[BlackElo "1863"]
[PlyCount "82"]
[EventDate "2014.09.23"]

1. e4 Nf6 2. d3 e5 3. Nf3 Nc6 4. Be2 d5 5. exd5 Nxd5 6. h3 Be7 7. O-O Be6 8.
Re1 Qd7 9. Bf1 O-O-O 10. Nxe5 Nxe5 11. Rxe5 g5 12. Bxg5 f6 13. Rxe6 Qxe6 14.
Bh4 Rhg8 15. Bg3 Rxg3 16. fxg3 Qb6+ 17. Kh1 Ne3 18. Qe2 Qxb2 19. Qxe3 Qxa1 20.
Qxe7 Qxb1 21. Qe6+ Kb8 22. Qxf6 Re8 23. Kh2 a6 24. c3 Re1 25. Qf8+ Ka7 26. Qf2+
b6 27. Qf7 Kb7 28. Qd5+ Kc8 29. Qg8+ Kd7 30. Qf7+ Kd6 31. Qf8+ Kc6 32. Qf3+ Kb5
33. c4+ Ka5 34. Kg1 Qxa2 35. Qf5+ Kb4 36. Qg5 Qe2 37. Qf5 c5 38. g4 a5 39. Qf6
Rxf1+ 40. Qxf1 Qxf1+ 41. Kxf1 a4 0-1

[Event "Torneio de ELITE da AXL 2013-2014"]
[Site "axlisboa.weebly.com"]
[Date "2014.09.27"]
[Round "3.5"]
[White "Bolhari, Orphe Iraj"]
[Black "Nanques, Helder Manuel Pereir"]
[Result "1-0"]
[WhiteElo "2141"]
[BlackElo "1952"]
[PlyCount "73"]
[EventDate "2014.09.23"]

1. e4 d5 2. exd5 Nf6 3. d4 Bg4 4. Bb5+ Nbd7 5. Be2 Bxe2 6. Qxe2 Nxd5 7. Nf3 e6
8. O-O c6 9. c4 N5f6 10. Nc3 Nb6 11. Bg5 Be7 12. Rad1 O-O 13. Rfe1 Qc7 14. d5
cxd5 15. cxd5 Nbxd5 16. Nxd5 Nxd5 17. Rxd5 exd5 18. Qxe7 Qxe7 19. Rxe7 f6 20.
Be3 Rf7 21. Rxf7 Kxf7 22. Nd4 a6 23. Kf1 g6 24. Ke2 Rc8 25. Kd3 Ke7 26. Bd2 Kd7
27. Bc3 Re8 28. Nf3 Ke6 29. Nd2 f5 30. f4 h6 31. Nf3 Kd7 32. Ne5+ Kd6 33. Nxg6
Re4 34. g3 h5 35. Nh4 Ke6 36. Nf3 Kf7 37. Ng5+ 1-0

[Event "Torneio de ELITE da AXL 2013-2014"]
[Site "axlisboa.weebly.com"]
[Date "2014.09.27"]
[Round "3.6"]
[White "Carneiro, Carlos Alberto C P"]
[Black "Pires, Emanuel Joao Robarts"]
[Result "1-0"]
[WhiteElo "2209"]
[BlackElo "2060"]
[PlyCount "119"]
[EventDate "2014.09.23"]

1. d4 d5 2. Nf3 Nf6 3. c4 e6 4. Nc3 Be7 5. Bf4 O-O 6. e3 Nbd7 7. cxd5 exd5 8.
Bd3 c6 9. O-O Nh5 10. Qc2 Nxf4 11. Bxh7+ Kh8 12. exf4 g6 13. Bxg6 fxg6 14. Qxg6
Qe8 15. Qh6+ Kg8 16. Rae1 Qf7 17. Re3 Bf6 18. Nh4 Bxh4 19. Qxh4 Qf5 20. Rg3+
Kf7 21. Rg5 Qf6 22. Re1 Rh8 23. Qg3 Re8 24. Rxe8 Kxe8 25. Qe3+ Qe7 26. Qc1 Kd8
27. h4 Nf8 28. f5 Bd7 29. Qf4 Qf6 30. g3 Rc8 31. Rh5 Qf7 32. Rh8 Qf6 33. Rh6
Qf7 34. g4 Be8 35. g5 Rc7 36. Qd6+ Nd7 37. f6 Kc8 38. Rh8 b6 39. Qe7 Nxf6 40.
Qxf6 Qxf6 41. gxf6 Kd8 42. Kg2 Rf7 43. Rh6 Kd7 44. Kg3 Ke6 45. Kf4 Bd7 46. Kg5
Be8 47. f4 Rf8 48. f5+ Kd7 49. Rh7+ Bf7 50. h5 Kd6 51. h6 Kd7 52. Rxf7+ Rxf7
53. Kg6 Ke8 54. Ne2 c5 55. Nf4 cxd4 56. Nd3 Kf8 57. Ne5 Rc7 58. f7 Rxf7 59.
Nxf7 d3 60. h7 1-0

[Event "Torneio de ELITE da AXL 2013-2014"]
[Site "axlisboa.weebly.com"]
[Date "2014.09.30"]
[Round "4.1"]
[White "Morais, Vitor Mestre"]
[Black "Pires, Emanuel Joao Robarts"]
[Result "0-1"]
[WhiteElo "1924"]
[BlackElo "2060"]
[PlyCount "94"]
[EventDate "2014.09.23"]

1. e4 e6 2. b3 d5 3. Bb2 dxe4 4. Nc3 Nf6 5. Qe2 Nc6 6. O-O-O Nd4 7. Qe1 Be7 8.
d3 exd3 9. Bxd3 Bd7 10. Nce2 Nxe2+ 11. Qxe2 c6 12. Nf3 Qa5 13. Kb1 Nd5 14. Ne5
Bf6 15. g3 Nc3+ 16. Bxc3 Qxc3 17. f4 a5 18. Rhe1 a4 19. Qd2 Bxe5 20. Rxe5 Qxd2
21. Rxd2 f6 22. Re4 axb3 23. cxb3 Ra5 24. Bc4 e5 25. Re3 Rc5 26. fxe5 Rxe5 27.
Rde2 Rxe3 28. Rxe3+ Kd8 29. b4 Re8 30. Rxe8+ Bxe8 31. a3 Ke7 32. Kc2 Kd6 33.
Kd3 c5 34. bxc5+ Kxc5 35. Kc3 Bd7 36. Bd3 h6 37. Be4 b6 38. Bf3 Bh3 39. Be4 f5
40. Bf3 g5 41. Bh1 Bf1 42. Bf3 Bb5 43. Bg2 f4 44. gxf4 gxf4 45. h4 Bc6 46. Bf1
f3 47. Kb3 Bb5 0-1

[Event "Torneio de ELITE da AXL 2013-2014"]
[Site "axlisboa.weebly.com"]
[Date "2014.09.30"]
[Round "4.2"]
[White "Nanques, Helder Manuel Pereir"]
[Black "Carneiro, Carlos Alberto C P"]
[Result "0-1"]
[WhiteElo "1952"]
[BlackElo "2209"]
[PlyCount "48"]
[EventDate "2014.09.23"]

1. b3 e5 2. Bb2 d6 3. e3 g6 4. d4 Nd7 5. Nf3 Bg7 6. dxe5 dxe5 7. Nc3 Ne7 8. Be2
O-O 9. O-O b6 10. Qd2 Nf5 11. Rad1 e4 12. Ne1 c6 13. Na4 Qg5 14. Bxg7 Nxg7 15.
Qd6 Ne5 16. h4 Qf5 17. f4 Ng4 18. Qd2 Re8 19. Nb2 Qf6 20. Bxg4 Bxg4 21. Qd4
Qxh4 22. Qc3 Nf5 23. g3 Nxg3 24. Ng2 Ne2# 0-1

[Event "Torneio de ELITE da AXL 2013-2014"]
[Site "axlisboa.weebly.com"]
[Date "2014.09.30"]
[Round "4.3"]
[White "Santos, Jose Manuel Duarte C"]
[Black "Bolhari, Orphe Iraj"]
[Result "0-1"]
[WhiteElo "1863"]
[BlackElo "2141"]
[PlyCount "40"]
[EventDate "2014.09.23"]

1. e4 e5 2. Nf3 Nc6 3. d4 exd4 4. Nxd4 Nf6 5. Nxc6 bxc6 6. Bd3 d5 7. e5 Ng4 8.
Bf4 Bc5 9. O-O f6 10. h3 fxe5 11. Bxe5 Nxe5 12. Qh5+ Nf7 13. Nd2 Qg5 14. Rfe1+
Kf8 15. Qf3 Qxd2 16. Re2 Qg5 17. Rae1 Bd7 18. Re5 Qf6 19. Bf5 Nxe5 20. Rxe5
Qxe5 0-1

[Event "Torneio de ELITE da AXL 2013-2014"]
[Site "axlisboa.weebly.com"]
[Date "2014.09.30"]
[Round "4.4"]
[White "Preto, Daniel Filipe Rodrig"]
[Black "Marques, Carlos Filipe Fernan"]
[Result "1-0"]
[WhiteElo "1984"]
[BlackElo "1832"]
[PlyCount "67"]
[EventDate "2014.09.23"]

1. c4 e5 2. Nc3 a6 3. g3 Bc5 4. Bg2 c6 5. Nf3 d6 6. O-O Nf6 7. d4 exd4 8. Nxd4
h6 9. Nb3 Ba7 10. Bf4 O-O 11. Qxd6 Nbd7 12. Rfd1 Nh5 13. Qd2 Qf6 14. Ne4 Qe6
15. Bd6 Re8 16. c5 Qf5 17. Nd4 Qg6 18. Qd3 Ne5 19. Bxe5 Rxe5 20. b4 Bf5 21.
Nxf5 Qxf5 22. Nd6 Qe6 23. Nxb7 Rb8 24. Qxa6 Rxe2 25. Qxa7 Re8 26. Bf3 Qh3 27.
Nd6 R8e7 28. Qa8+ Kh7 29. Bxe2 Rxe2 30. Qc8 Re6 31. Rd4 g5 32. Qxc6 Nf4 33.
gxf4 gxf4 34. Rxf4 1-0

[Event "Torneio de ELITE da AXL 2013-2014"]
[Site "axlisboa.weebly.com"]
[Date "2014.09.30"]
[Round "4.5"]
[White "Diogo, Vasco"]
[Black "Guerra, Vitor Manuel Vestia"]
[Result "1-0"]
[WhiteElo "2256"]
[BlackElo "2179"]
[PlyCount "91"]
[EventDate "2014.09.23"]

1. e4 c5 2. Nf3 e6 3. d4 cxd4 4. Nxd4 a6 5. Bd3 Nc6 6. Nxc6 bxc6 7. O-O d6 8.
Nc3 Nf6 9. b3 Be7 10. Ba3 Qa5 11. Na4 Nd7 12. c4 c5 13. Bb2 O-O 14. f4 Qc7 15.
Qf3 Ra7 16. Rae1 f6 17. Re3 Rf7 18. Qh3 Nf8 19. Nc3 Bd7 20. Be2 Qc8 21. Bh5 g6
22. Bg4 h5 23. Be2 d5 24. Rg3 d4 25. Na4 Bxa4 26. bxa4 Bd6 27. Rb3 Qc6 28. f5
Qxe4 29. Bd3 Qg4 30. Qxg4 hxg4 31. fxg6 Rg7 32. Rxf6 Be5 33. Rf1 Nxg6 34. Bc1
Nf8 35. Bh6 Rgf7 36. Re1 Nd7 37. Re4 g3 38. hxg3 Rf6 39. Rg4+ Kf7 40. Rg7+ Ke8
41. Bg6+ Rxg6 42. Rxg6 Kf7 43. Rg4 d3 44. Rxd3 Bd4+ 45. Kh2 Nb6 46. Rdxd4 1-0

[Event "Torneio de ELITE da AXL 2013-2014"]
[Site "axlisboa.weebly.com"]
[Date "2014.09.30"]
[Round "4.6"]
[White "Reis, Luis Sousa"]
[Black "Pereira, Sergio Daniel Costa"]
[Result "0-1"]
[WhiteElo "2195"]
[BlackElo "2036"]
[PlyCount "72"]
[EventDate "2014.09.23"]

1. e4 d5 2. exd5 Nf6 3. c4 e6 4. dxe6 Bxe6 5. d4 Qe7 6. Qe2 Nc6 7. Nf3 Bg4 8.
Qxe7+ Bxe7 9. Be3 O-O-O 10. Nbd2 Bb4 11. O-O-O Bxd2+ 12. Rxd2 Ne4 13. Rd1 f5
14. Bd3 Rhe8 15. h3 Bh5 16. Rhe1 h6 17. h4 Bg4 18. a3 g5 19. hxg5 hxg5 20. d5
Ne7 21. Nxg5 Bxd1 22. Nxe4 fxe4 23. Bxe4 Bb3 24. Bg5 Bxc4 25. Bxe7 Rxe7 26.
Bf5+ Red7 27. Re5 Rf8 28. g4 Kd8 29. Bxd7 Kxd7 30. Kd2 Kd6 31. Re6+ Kxd5 32.
Re7 Rxf2+ 33. Kc3 Rf3+ 34. Kb4 Rb3+ 35. Ka4 Rxb2 36. Rxc7 b6 0-1